Применение сферических резервуаров системы Fuel-Easy для транспортировки жидкого топлива в районах Томской области; Проблемы геологии и освоения недр; Т. 2

Bibliographische Detailangaben
Parent link:Проблемы геологии и освоения недр: труды XVIII Международного симпозиума имени академика М. А. Усова студентов и молодых ученых, Томск, 7-11 апреля 2014 г./ Национальный исследовательский Томский политехнический университет (ТПУ), Институт природных ресурсов (ИПР) ; Общество инженеров-нефтяников, международная некоммерческая организация, Студенческий чаптер ; под ред. А. Ю. Дмитриева.— , 2014
Т. 2.— [С. 667-669]
1. Verfasser: Козырев И. Н.
Körperschaft: Национальный исследовательский Томский политехнический университет (ТПУ) Институт природных ресурсов (ИПР) Кафедра экономики природных ресурсов (ЭПР)
Weitere Verfasser: Глызина Т. С. Татьяна Святославовна (научный руководитель)
Zusammenfassung:Заглавие с экрана
Sprache:Russisch
Veröffentlicht:
Schriftenreihe:Экономика минерального и углеводородного сырья. Горное право
Schlagworte:
Online-Zugang:http://earchive.tpu.ru/handle/11683/65781
http://www.lib.tpu.ru/fulltext/c/2014/C11/V2/319.pdf
Format: Elektronisch Buchkapitel
KOHA link:https://koha.lib.tpu.ru/cgi-bin/koha/opac-detail.pl?biblionumber=608750

MARC

LEADER 00000naa2a2200000 4500
001 608750
005 20231101132525.0
035 |a (RuTPU)RU\TPU\conf\6186 
035 |a RU\TPU\conf\6185 
090 |a 608750 
100 |a 20141010d2014 k y0rusy50 ca 
101 0 |a rus 
102 |a RU 
105 |a y z 100zy 
135 |a drcn ---uucaa 
181 0 |a i  
182 0 |a b 
200 1 |a Применение сферических резервуаров системы Fuel-Easy для транспортировки жидкого топлива в районах Томской области  |f И. Н. Козырев  |g науч. рук. Т. С. Глызина 
203 |a Текст  |c электронный 
225 1 |a Экономика минерального и углеводородного сырья. Горное право 
230 |a 1 компьютерный файл (pdf; 562 Kb) 
300 |a Заглавие с экрана 
320 |a [Библиогр.: с. 669 (3 назв.)] 
337 |a Adobe Reader 
461 1 |0 (RuTPU)RU\TPU\conf\5590  |t Проблемы геологии и освоения недр  |o труды XVIII Международного симпозиума имени академика М. А. Усова студентов и молодых ученых, Томск, 7-11 апреля 2014 г.  |o в 2 т.  |f Национальный исследовательский Томский политехнический университет (ТПУ), Институт природных ресурсов (ИПР) ; Общество инженеров-нефтяников, международная некоммерческая организация, Студенческий чаптер ; под ред. А. Ю. Дмитриева  |d 2014 
463 1 |0 (RuTPU)RU\TPU\conf\5595  |t Т. 2  |v [С. 667-669] 
610 1 |a труды учёных ТПУ 
610 1 |a электронный ресурс 
610 1 |a сферические резервуары 
610 1 |a транспортировка 
610 1 |a Томская область 
610 1 |a жидкое топливо 
610 1 |a резервуары 
700 1 |a Козырев  |b И. Н. 
702 1 |a Глызина  |b Т. С.  |c специалист в области анализа минерального сырья электрохимическими методами  |c инженер-исследователь лаборатории геологии золота Томского политехнического университета, кандидат химических наук  |f 1975-  |g Татьяна Святославовна  |2 stltpush  |4 727 
712 0 2 |a Национальный исследовательский Томский политехнический университет (ТПУ)  |b Институт природных ресурсов (ИПР)  |b Кафедра экономики природных ресурсов (ЭПР)  |h 3659  |2 stltpush  |3 (RuTPU)RU\TPU\col\18668 
801 2 |a RU  |b 63413507  |c 20210916  |g RCR 
856 4 |u http://earchive.tpu.ru/handle/11683/65781 
856 4 |u http://www.lib.tpu.ru/fulltext/c/2014/C11/V2/319.pdf 
942 |c BK